Music Quiz

Random Music or Song Quiz
Score 0/25 Timer 20:00
0 Plays Today
% Correct
end up here
89.7%
good girls
89.7%
beside you
89.7%
disconnected
79.3%
heartache on the big screen
79.3%
never be
79.3%
don't stop
72.4%
unpredictable
72.4%
long way home
69%
independence day
65.5%
social casualty
65.5%
wrapped around your finger
65.5%
voodoo doll
65.5%
% Correct
everythind i didn't say
62.1%
if you don't know
62.1%
rejects
62.1%
wherever you are
62.1%
she looks so perfect
62.1%
out of my limit
62.1%
the only reason
55.2%
lost boy
51.7%
what i like about you
51.7%
mrs all american
51.7%
try hard
48.3%
tomorrow never dies
48.3%
Remove Ads.
Support Sporcle.
Get the best of Sporcle when you Go Orange. This ad-free experience offers more features, more stats, and more fun while also helping to support Sporcle. Thank you for becoming a member.

You're not logged in!

Compare scores with friends on all Sporcle quizzes.
OR
Log In

Show Comments

Extras

Created Sep 24, 2019ReportNominate
Tags:Song Quiz, 5sos, Guessing Game

Top Quizzes Today


Score Distribution

Your Account Isn't Verified!

In order to create a playlist on Sporcle, you need to verify the email address you used during registration. Go to your Sporcle Settings to finish the process.

Report this User

Report this user for behavior that violates our Community Guidelines.

Details: